[Event "Ontario-ch U20 U1800"]
[Site "Mississauga"]
[Date "2018.01.28"]
[Round "5"]
[White "Wang, Eric1111"]
[Black "Zhang, Jonathan"]
[Result "1-0"]
[WhiteElo "1654"]
[BlackElo "1355"]
[PlyCount "53"]
[EventDate "2018.01.27"]
[EventType "swiss"]
[EventRounds "5"]
[EventCountry "CAN"]
[SourceTitle "EXT 2022"]
[Source "ChessBase"]
[SourceDate "2021.10.06"]
[SourceVersion "1"]
[SourceVersionDate "2021.10.06"]
[SourceQuality "1"]

1. c4 e5 2. Nc3 Nf6 3. Nf3 Nc6 4. d4 exd4 5. Nxd4 Nxd4 6. Qxd4 b6 7. Qe3+ Be7 8. Qf3 c6 9. Bf4 d5 10. cxd5 cxd5 11. Rd1 Bb7 12. g3 Rc8 13. Bg2 Rc5 14. 0-0 Ra5 15. a3 Qc8 16. Qd3 Qc6 17. Rc1 Ba6 18. Qd2 Qe6 19. Rfd1 Bc4 20. e4 dxe4 21. Nxe4 Nxe4 22. Bxe4 f5 23. Bg2 0-0 24. Re1 Qf7 25. b4 Rb5 26. Bc6 Rd8 27. Qe3 1-0

[Event "CAN-ch U10"]
[Site "Sault Ste Marie"]
[Date "2017.07.10"]
[Round "7"]
[White "Zhang, Jonathan"]
[Black "Wang, Daniel1111"]
[Result "0-1"]
[WhiteElo "1278"]
[BlackElo "980"]
[PlyCount "50"]
[EventDate "2017.07.06"]
[EventType "swiss"]
[EventRounds "7"]
[EventCountry "CAN"]
[SourceTitle "EXT 2022"]
[Source "ChessBase"]
[SourceDate "2021.10.06"]
[SourceVersion "1"]
[SourceVersionDate "2021.10.06"]
[SourceQuality "1"]

1. e4 c5 2. Nc3 d6 3. g3 Nf6 4. Bg2 g6 5. f4 Bg7 6. Nf3 0-0 7. d3 Nc6 8. 0-0 Bd7 9. Qe2 Rc8 10. e5 Ne8 11. Re1 Qc7 12. Nd5 Qd8 13. exd6 exd6 14. Ne7+ Nxe7 15. Qxe7 Qxe7 16. Rxe7 Nf6 17. Nd2 b6 18. Nc4 d5 19. Bxd5 Rce8 20. Rxe8 Rxe8 21. Bf3 Ng4 22. Rb1 Bd4+ 23. Kg2 Re1 24. Ne5 Rg1+ 25. Kh3 Nxe5+ 0-1

[Event "CAN-ch U10"]
[Site "Sault Ste Marie"]
[Date "2017.07.07"]
[Round "4"]
[White "Huang, Youhe"]
[Black "Zhang, Jonathan"]
[Result "1-0"]
[WhiteElo "1448"]
[BlackElo "1278"]
[PlyCount "45"]
[EventDate "2017.07.06"]
[EventType "swiss"]
[EventRounds "7"]
[EventCountry "CAN"]
[SourceTitle "EXT 2022"]
[Source "ChessBase"]
[SourceDate "2021.10.06"]
[SourceVersion "1"]
[SourceVersionDate "2021.10.06"]
[SourceQuality "1"]

1. e4 e6 2. d4 d5 3. Nc3 Nf6 4. e5 Nfd7 5. Bd3 c5 6. Be3 Nc6 7. Bb5 Qb6 8. Bxc6 bxc6 9. f4 Qxb2 10. Nge2 cxd4 11. Bxd4 c5 12. Rb1 Qa3 13. Nb5 Qa5+ 14. Bc3 Qd8 15. Qd2 Be7 16. 0-0 Bb7 17. f5 d4 18. Ba5 Nb6 19. fxe6 fxe6 20. Qf4 Rf8 21. Qg4 Qd7 22. Qxg7 Ba6 23. Nc7+ 1-0